|
|
|
|
| LEADER |
00000naa2a2200000 4500 |
| 001 |
420099 |
| 005 |
20231101073329.0 |
| 035 |
|
|
|a (RuTPU)RU\TPU\prd\77581
|
| 035 |
|
|
|a RU\TPU\prd\32375
|
| 090 |
|
|
|a 420099
|
| 100 |
|
|
|a 20100301a2004 k y0rusy50 ca
|
| 101 |
0 |
|
|a rus
|
| 102 |
|
|
|a RU
|
| 200 |
1 |
|
|a Об образовании центрированных ударных волн в газовых пузырьках в условиях акустической кавитации
|f В. С. Малышевский
|
| 320 |
|
|
|a Библиогр.: 11 назв.
|
| 461 |
|
1 |
|0 (RuTPU)RU\TPU\prd\191
|x 0021-3411
|t Известия вузов. Физика
|f Министерство общего и профессионального образования Российской Федерации ; Томский Госуниверситет
|d 1958-
|
| 463 |
|
1 |
|0 (RuTPU)RU\TPU\prd\77568
|t Т. 47, № 5
|v с. 85-88
|d 2004
|
| 610 |
1 |
|
|a центрированные ударные волны
|
| 610 |
1 |
|
|a газовые пузырьки
|
| 610 |
1 |
|
|a акустическая кавитация
|
| 610 |
1 |
|
|a сжатие
|
| 610 |
1 |
|
|a гидродинамические уравнения
|
| 610 |
1 |
|
|a анализ
|
| 610 |
1 |
|
|a уравнение Рэлея-Плессета
|
| 610 |
1 |
|
|a схлопывание пузырьков
|
| 610 |
1 |
|
|a криогенные жидкости
|
| 675 |
|
|
|a 532.5.031
|v 3
|
| 700 |
|
1 |
|a Малышевский
|b В. С.
|
| 801 |
|
1 |
|a RU
|b 63413507
|c 20050204
|g PSBO
|
| 801 |
|
2 |
|a RU
|b 63413507
|c 20101029
|g RCR
|
| 942 |
|
|
|c BK
|